000 00952nam a2200265Ia 4500
003 OSt
005 20221005103143.0
006 a|||||r|||| 00| 0
007 ta
008 221004b |||||||| |||| 00| 0 hin d
020 _a9788193029992 (hbk)
_c990
024 _a25155
037 _b394, 17/03/2016, Eastern Book Linkers
_cTextual
040 _aCRL
_cCRL
_bhin
041 _2hin
_ahin
082 _aV2:51wN, 152Q5
100 _aशेखावत, प्रमोद
245 0 _aस्वतंत्रता सेनानी
246 _aSvatantratā senānī
260 _aउत्तर
_bप्रदेश शिक्षा दीप प्रकाशन भारत
_c2015
300 _a240पृ0
_ccm.
650 _aविश्व-इतिहास
942 _hV2:51wN, 152Q5
_cTEXL
_2cc
999 _c1009519
_d1009519